MARC

LEADER 00000nam0a2200000 4500
001 373211
005 20231102012538.0
035 |a (RuTPU)RU\TPU\retro\30639 
035 |a RU\TPU\book\282529 
090 |a 373211 
100 |a 20221215d1986 k y0rusy50 ca 
101 0 |a rus 
102 |a RU 
105 |a a z 001zy 
200 1 |a Геохимические методы для решения задач практической геологии  |e сборник научных трудов  |f Всесоюзный научно-исследовательский геологический институт (ВСЕГЕИ) ; под ред. В. С. Певзнера 
210 |a Ленинград  |c Изд-во ВСЕГЕИ  |d 1986 
215 |a 96 с.  |c ил. 
320 |a Библиогр. в конце ст. 
606 1 |a Геохимические процессы  |2 stltpush  |3 (RuTPU)RU\TPU\subj\6294  |9 34217 
610 1 |a геохимические методы 
610 1 |a геология 
610 1 |a практические задачи 
610 1 |a решение 
610 1 |a корреляция 
610 1 |a геохимические данные 
610 1 |a цикличность 
675 |a 550.4  |v 3 
702 1 |a Певзнер  |b В. С.  |4 340 
712 0 2 |a Всесоюзный научно-исследовательский геологический институт (ВСЕГЕИ)  |c (Ленинград)  |c (1939-1991)  |2 stltpush  |3 (RuTPU)RU\TPU\col\11367 
801 1 |a RU  |b 63413507  |c 20140512 
801 2 |a RU  |b 63413507  |c 20221215  |g RCR 
942 |c BK